Economics / (Record no. 10317)

MARC details
000 -LEADER
fixed length control field 00944cam a2200277 i 4500
001 - CONTROL NUMBER
control field 1355349
003 - CONTROL NUMBER IDENTIFIER
control field 20170605114614.0
005 - DATE AND TIME OF LATEST TRANSACTION
control field 20240606081134.0
008 - FIXED-LENGTH DATA ELEMENTS--GENERAL INFORMATION
fixed length control field 801031s1981 nyu 001 0 eng
010 ## - LIBRARY OF CONGRESS CONTROL NUMBER
LC control number 80026594
020 ## - INTERNATIONAL STANDARD BOOK NUMBER
Canceled/invalid ISBN 0060439691
040 ## - CATALOGING SOURCE
Original cataloging agency DLC
Transcribing agency DLC
Modifying agency DLC
050 00 - LIBRARY OF CONGRESS CALL NUMBER
Classification number HB171.5
Item number .L733 1981
082 00 - DEWEY DECIMAL CLASSIFICATION NUMBER
Classification number 330
Edition information 19
100 1# - MAIN ENTRY--PERSONAL NAME
Personal name Lipsey, Richard G.,
Dates associated with a name 1928-
245 10 - TITLE STATEMENT
Title Economics /
250 ## - EDITION STATEMENT
Edition statement 6th ed.
260 ## - PUBLICATION, DISTRIBUTION, ETC.
Place of publication, distribution, etc. New York :
Name of publisher, distributor, etc. Harper & Row,
Date of publication, distribution, etc. c1981.
300 ## - PHYSICAL DESCRIPTION
Extent xxviii, 958 p. :
Other physical details graphs ;
Dimensions 24 cm.
500 ## - GENERAL NOTE
General note "Portions of this work were first published in the United Kingdom as An introduction to positive economics, (e.g., [Copyright symbol]) 1963 by Richard G. Lipsey."
500 ## - GENERAL NOTE
General note Includes index.
650 #0 - SUBJECT ADDED ENTRY--TOPICAL TERM
Topical term or geographic name entry element Economics.
700 1# - ADDED ENTRY--PERSONAL NAME
Personal name Steiner, Peter Otto,
Dates associated with a name 1922-
Relator term joint author.
906 ## - LOCAL DATA ELEMENT F, LDF (RLIN)
a 7
b cbc
c orignew
d u
e ocip
f 19
g y-gencatlg
942 ## - ADDED ENTRY ELEMENTS (KOHA)
Source of classification or shelving scheme Library of Congress Classification
Koha item type Books
Holdings
Withdrawn status Lost status Source of classification or shelving scheme Damaged status Not for loan Home library Current library Date acquired Total checkouts Full call number Barcode Date last seen Price effective from Koha item type
    Library of Congress Classification     Murang'a University of Technology Library Murang'a University of Technology Library 05/06/2017   HB171.5 .L733 1981 010996 30/08/2024 05/06/2017 Books